000 002360000a22000970004500
100 1 _aOrtiz, Loida A.
245 1 0 _aDos semillas
300 _aVol. 49, Núm 213 (1994), Páginas 32-33
773 0 _tLa Biblia de las Américas
942 _cANA
999 _c51349
_d51349